Sports Quiz

Random Sports or Baby Names Quiz

Premier League Peters Quiz Stats

 Plays Quiz not verified by Sporcle

Score 0/12 Timer 01:30
14 Plays Today
% Correct
Peter Crouch
87.2%
Peter Ndlovu
87.2%
Peter Schmeichel
87.1%
Peter Odemwingie
79.7%
Peter Beardsley
74.3%
Peter Reid
68.8%
Peter Enckelman
67%
Peter Whittingham
66.7%
Peter Beagrie
64.3%
Peter Løvenkrands
62.7%
Peter Atherton
55.2%
Peter Fear
52.2%

You're not logged in!

Compare scores with friends on all Sporcle quizzes.
OR
Log In

Show Comments

Extras

Top Quizzes Today


Score Distribution

Your Account Isn't Verified!

In order to create a playlist on Sporcle, you need to verify the email address you used during registration. Go to your Sporcle Settings to finish the process.

Report this User

Report this user for behavior that violates our Community Guidelines.

Details: